000 00458nam a2200181Ia 4500
003 GCL
008 140319s9999 xx 000 0 eng d
040 _aGCL /
_cGCL
082 0 4 _a671.52
_bE W
100 1 _aENGG, N. K. SRINIVASAN
245 1 0 _aWELDING TECHNOLOGY /
_cENGG, N. K. SRINIVASAN
260 _a[S.N] :
_bKHANNA PUBLISHERS ،
_c1994
300 _a272 P
650 0 4 _aMATERIALS
650 0 4 _aMETALLURGY
650 0 4 _aWELDING
942 _2ddc
_cBK
999 _c20385
_d20385